[Event "Superettan(Horndal-Schack 08)"]
[Site "?"]
[Date "2016.10.15"]
[Round "2"]
[White "Ingbrant, Johan"]
[Black "Marcus, Hakan"]
[Result "1-0"]
[WhiteElo "2365"]
[BlackElo "2188"]
[PlyCount "97"]
[EventDate "2016.??.??"]
1. Nf3 d5 2. c4 c6 3. g3 Nf6 4. Bg2 Bf5 5. O-O e6 6. d3 Be7 7. cxd5 exd5 8. Nd4
Bg6 9. Bh3 O-O 10. Nc3 Re8 11. Nf5 Bf8 12. Qb3 b5 13. Qc2 Nbd7 14. Bf4 Bxf5 15.
Bxf5 g6 16. Bh3 d4 17. Ne4 Nxe4 18. dxe4 Nc5 19. Rad1 Ne6 20. Bc1 Qb6 21. Bg2
Rad8 22. Kh1 c5 23. b3 Rc8 24. f4 c4 25. f5 Nc5 26. bxc4 Na4 27. Qb3 Rxc4 28.
fxg6 hxg6 29. Qf3 Qb7 30. e3 Bg7 31. exd4 Rxd4 32. Rxd4 Bxd4 33. Bf4 Nc5 34.
Qd1 Ne6 35. e5 Qb6 36. Bd5 Be3 37. Qf3 Bxf4 38. gxf4 Ng7 39. Rc1 Nf5 40. Rc6
Qa5 41. Rxg6+ Kf8 42. Rg1 b4 43. Be4 Nd4 44. Qg2 Qb6 45. Qg7+ Ke7 46. f5 Ne2
47. f6+ Kd8 48. Rd1+ Kc8 49. Qg4+ 1-0

[Event "Superettan(Upsala-Vaxjo)"]
[Site "?"]
[Date "2016.10.15"]
[Round "2"]
[White "Burwick, Malte"]
[Black "Christiansen, Johan-Sebastian"]
[Result "0-1"]
[WhiteElo "2225"]
[BlackElo "2413"]
[PlyCount "64"]
1. Nf3 c5 2. g3 Nc6 3. Bg2 g6 4. O-O Bg7 5. e4 e6 6. d3 Nge7 7. Nbd2 O-O 8. Nb3
b6 9. a4 d5 10. c3 Ba6 11. Re1 dxe4 12. dxe4 Qc8 13. Qd2 Bc4 14. Ra3 Bxb3 15.
Rxb3 Na5 16. Rb5 a6 17. Rxa5 bxa5 18. Qd6 Re8 19. Bg5 Qb7 20. Qxc5 Rac8 21. Qa3
Nc6 22. Be3 Rb8 23. Rb1 Rec8 24. h3 Ne5 25. Nxe5 Bxe5 26. Bd4 Bxd4 27. cxd4 Rc2
28. Qd3 Rxb2 29. Rxb2 Qxb2 30. Qc4 Qb4 31. Qc7 Qe1+ 32. Bf1 Rb1 0-1

[Event "Superettan(Burgsvik-Orgryte)"]
[Site "?"]
[Date "2016.10.15"]
[Round "2"]
[White "Eksmyr, Johan"]
[Black "Nygren, Kim"]
[Result "0-1"]
[WhiteElo "2193"]
[BlackElo "2216"]
[PlyCount "72"]
1. d4 Nf6 2. Bf4 g6 3. Nf3 Bg7 4. e3 O-O 5. Be2 d6 6. h3 Nbd7 7. O-O b6 8. a4
c5 9. c3 Bb7 10. Nbd2 Rc8 11. Bh2 Re8 12. Re1 Ne4 13. Nxe4 Bxe4 14. Ng5 Bb7 15.
Qb3 e6 16. f4 Nf6 17. Bb5 Re7 18. Bd3 Qc7 19. Qc2 h6 20. Ne4 Nxe4 21. Bxe4 cxd4
22. exd4 Bxd4+ 23. Kh1 Bg7 24. Rad1 Bxe4 25. Qxe4 Rd7 26. Rd2 d5 27. Qf3 Qc6
28. Bg1 Qxa4 29. g4 Rc4 30. Rf1 Qc6 31. f5 e5 32. f6 Rf4 33. Qxf4 exf4 34. fxg7
d4+ 35. Kh2 dxc3 36. Rxd7 Qxd7 0-1

[Event "Superettan(Horndal-Schack 08)"]
[Site "?"]
[Date "2016.10.15"]
[Round "2"]
[White "Tiger-Norqvist, Axel"]
[Black "Renman, Nils-Gustaf"]
[Result "0-1"]
[WhiteElo "2109"]
[BlackElo "2344"]
[PlyCount "152"]
1. e4 e6 2. d4 d5 3. e5 c5 4. c3 Nc6 5. Nf3 Nge7 6. Bd3 cxd4 7. cxd4 Nf5 8.
Bxf5 exf5 9. O-O Be7 10. Nc3 Be6 11. Ne1 Rc8 12. Nc2 g5 13. f4 g4 14. Qd3 O-O
15. a3 Qd7 16. Ne2 Na5 17. Ne3 f6 18. b3 fxe5 19. fxe5 Bg5 20. g3 a6 21. Bd2
Nc6 22. Ng2 f4 23. Bxf4 Bf5 24. Qd2 Bxf4 25. Ngxf4 Ne7 26. Rac1 Rxc1 27. Rxc1
Be4 28. Nc3 Qf5 29. Nxe4 dxe4 30. Qe3 Nc6 31. Re1 Rd8 32. Ne2 Rf8 33. Nc3 Qf3
34. Nxe4 Qxe3+ 35. Rxe3 Nxd4 36. Nf6+ Kf7 37. Nxg4 Ke6 38. Kg2 Nc2 39. Re2 Nxa3
40. Nf6 Rf7 41. Nh5 Nb5 42. Nf4+ Ke7 43. Rd2 Rf5 44. e6 Nd6 45. Kf3 a5 46. g4
Rc5 47. Rd3 b5 48. h4 a4 49. bxa4 bxa4 50. Ra3 Ra5 51. Ke2 Nb5 52. Re3 Nc7 53.
Ra3 Nxe6 54. Nxe6 Kxe6 55. Kd3 Ke5 56. Ke3 Ra8 57. h5 h6 58. Ra2 a3 59. Kf3 Kf6
60. Kf4 Ra4+ 61. Kg3 Kg5 62. Kf3 Ra6 63. Kg3 Ra8 64. Rf2 Ra5 65. Ra2 Ra4 66.
Kf3 Ra8 67. Kg3 Ra5 68. Kf3 Ra4 69. Kg3 Rxg4+ 70. Kf3 Ra4 71. Kg3 Kxh5 72. Kf3
Kg5 73. Kg3 Kf5 74. Kf3 Ke5 75. Ke3 h5 76. Kd3 Kf4 0-1

[Event "Superettan(Upsala-Vaxjo)"]
[Site "?"]
[Date "2016.10.15"]
[Round "2"]
[White "Olofsson-Dolk, Mattis"]
[Black "Malm Lindberg, Henrik"]
[Result "0-1"]
[WhiteElo "2240"]
[BlackElo "2246"]
[PlyCount "52"]
1. d4 Nf6 2. c4 e6 3. Nc3 Bb4 4. e3 O-O 5. Nge2 d5 6. a3 Be7 7. cxd5 exd5 8.
Nf4 Re8 9. Bd3 Bd6 10. O-O Bxf4 11. exf4 Nc6 12. Be3 Ne7 13. h3 h5 14. Qc2 g6
15. f3 Bf5 16. Ne2 Bxd3 17. Qxd3 Nf5 18. Bf2 h4 19. Rac1 Nh5 20. Rfe1 c6 21. b4
a6 22. Qd2 Qd6 23. Rc3 Re6 24. Rb3 Rae8 25. Rbb1 R8e7 26. Kf1 Rxe2 0-1

[Event "Superettan(Burgsvik-Orgryte)"]
[Site "?"]
[Date "2016.10.15"]
[Round "2"]
[White "Andersson, Tommy"]
[Black "Kumar, Rahul"]
[Result "1-0"]
[WhiteElo "2395"]
[BlackElo "2147"]
[PlyCount "55"]
1. d4 d6 2. e4 Nd7 3. Be3 e5 4. d5 Ngf6 5. f3 Be7 6. c4 Nh5 7. Qd2 h6 8. Nh3
Nf8 9. g3 Nh7 10. Bg2 Ng5 11. Nf2 Nh7 12. Nc3 Bg5 13. f4 exf4 14. gxf4 Bh4 15.
O-O-O O-O 16. Bf3 N5f6 17. Rhg1 Nd7 18. Rg2 Bxf2 19. Qxf2 f6 20. Bh5 Kh8 21.
Rdg1 g5 22. h4 Qe7 23. hxg5 fxg5 24. Bd4+ Kg8 25. Qh4 Ne5 26. fxe5 dxe5 27. Be3
Bd7 28. Bxg5 1-0

[Event "Superettan(Horndal-Kamraterna)"]
[Site "?"]
[Date "2016.10.14"]
[Round "1"]
[White "Borvander, Tom"]
[Black "Bengts, Torleif"]
[Result "1-0"]
[WhiteElo "2162"]
[BlackElo "2097"]
[PlyCount "139"]
1. d4 Nf6 2. c4 e5 3. dxe5 Ng4 4. Bf4 Nc6 5. Nf3 Bb4+ 6. Nbd2 Qe7 7. e3 Ngxe5
8. Nxe5 Nxe5 9. Be2 O-O 10. O-O b6 11. Nf3 Ng6 12. Bg3 Qd8 13. Qd5 Rb8 14. Rfd1
Be7 15. Rac1 d6 16. b4 Bb7 17. Qh5 Qc8 18. Nd4 Re8 19. Bf3 Bxf3 20. Qxf3 Bf8
21. Nc6 Ra8 22. h3 h6 23. Rd2 Ne5 24. Bxe5 dxe5 25. Rd5 f6 26. Rd2 Qe6 27. Qe4
a5 28. b5 Bd6 29. Rd5 a4 30. Qb1 a3 31. Qb3 Kh8 32. Rd3 Qf5 33. Rcd1 Qe4 34.
Nb4 Ra7 35. Nd5 Bf8 36. Nc3 Qf5 37. Rd8 Ra8 38. Rxe8 Rxe8 39. Qa4 Kh7 40. Nd5
Bd6 41. Qb3 Rd8 42. Nb4 g6 43. Na6 Kg7 44. c5 bxc5 45. Nxc5 Re8 46. e4 Qc8 47.
Qd5 h5 48. Nb7 Bf8 49. Rc1 Qb8 50. Qc6 Re7 51. Nc5 Qb6 52. Na6 Re6 53. Qxc7+
Kh6 54. Qc4 Rd6 55. Qf7 Rd8 56. h4 Bd6 57. Qb3 Be7 58. Rc7 Rd2 59. Qf3 Bd8 60.
Rc6 Qd4 61. Nc5 Rxa2 62. Ne6 Qd2 63. Nxd8 Qxd8 64. Qe3+ Kg7 65. b6 g5 66. hxg5
Qd1+ 67. Kh2 Qg4 68. gxf6+ Kg6 69. f7+ Kxf7 70. Qb3+ 1-0

[Event "Superettan(Vasteras-Vaxjo)"]
[Site "?"]
[Date "2016.10.14"]
[Round "1"]
[White "Neretljak, Nedzad"]
[Black "Landgren, Andreas"]
[Result "0-1"]
[WhiteElo "2037"]
[BlackElo "2229"]
[PlyCount "60"]
1. e4 c5 2. Nf3 d6 3. d4 cxd4 4. Nxd4 Nf6 5. Nc3 a6 6. a4 e6 7. g4 h6 8. Bg2
Nc6 9. h3 Be7 10. O-O O-O 11. Nde2 Re8 12. Ng3 Rb8 13. f4 Qc7 14. g5 hxg5 15.
fxg5 Nd7 16. Rxf7 Kxf7 17. Qh5+ Kg8 18. Qxe8+ Nf8 19. Nf5 exf5 20. exf5 Bxf5
21. Bd5+ Kh8 22. Qh5+ Bh7 23. g6 Nxg6 24. Be4 d5 25. Bg2 Qg3 26. Ne2 Bc5+ 27.
Kh1 Qe1+ 28. Kh2 Bd6+ 29. Bf4 Nxf4 30. Nxf4 Bxf4# 0-1

[Event "Superettan(Horndal-Kamraterna)"]
[Site "?"]
[Date "2016.10.14"]
[Round "1"]
[White "Rorvall, Goran"]
[Black "Hamark, Jesper"]
[Result "1/2-1/2"]
[WhiteElo "2162"]
[BlackElo "2288"]
[PlyCount "108"]
1. e4 d5 2. exd5 Nf6 3. d4 Bg4 4. Be2 Bxe2 5. Nxe2 Qxd5 6. O-O Nc6 7. c3 e5 8.
dxe5 Nxe5 9. Qxd5 Nxd5 10. Nd4 O-O-O 11. Bg5 Be7 12. Bxe7 Nxe7 13. Na3 c5 14.
Nb3 b6 15. Rad1 N7c6 16. h3 a6 17. f4 Nd3 18. Rd2 b5 19. c4 b4 20. Nb1 Rd7 21.
Nc1 Nxc1 22. Rxc1 Re8 23. Rxd7 Kxd7 24. Kf2 Re4 25. g3 Nd4 26. Re1 Rxe1 27.
Kxe1 Nf5 28. Kf2 Nd6 29. Nd2 Kc6 30. Kf3 a5 31. g4 a4 32. b3 a3 33. Ke3 f5 34.
Kd3 g6 35. g5 Kd7 36. Ke3 Ke7 37. Kf3 Ke6 38. Ke3 Nb7 39. Kd3 Nd8 40. Nf1 Nc6
41. Nd2 Nd4 42. Ke3 Nc2+ 43. Kf2 Nd4 44. Ke3 Ke7 45. Kd3 Kf8 46. Ke3 Kg7 47.
Kd3 Ne6 48. Ke3 Nd4 49. Kd3 h6 50. h4 Kh7 51. Ke3 Kg8 52. Kd3 Kg7 53. Ke3 Nc2+
54. Ke2 Nd4+ 1/2-1/2

[Event "Superettan(Vasteras-Vaxjo)"]
[Site "?"]
[Date "2016.10.14"]
[Round "1"]
[White "Kretz, Johan"]
[Black "Moren, Bjorn"]
[Result "1-0"]
[WhiteElo "2205"]
[BlackElo "2106"]
[PlyCount "43"]
1. d4 d5 2. c4 dxc4 3. Nf3 Nf6 4. e3 Bg4 5. Bxc4 e6 6. O-O a6 7. h3 Bh5 8. Qe2
Nc6 9. Rd1 Be7 10. Nc3 O-O 11. a3 Qc8 12. g4 Bg6 13. e4 Re8 14. Ba2 h5 15. Nh4
Bxe4 16. Nxe4 Nxe4 17. Qxe4 Bxh4 18. g5 e5 19. g6 Kf8 20. gxf7 Qxh3 21. fxe8=Q+
Rxe8 22. Rd3 1-0

[Event "Superettan(Horndal-Kamraterna)"]
[Site "?"]
[Date "2016.10.14"]
[Round "1"]
[White "Nyberg, Ulf"]
[Black "Kallstrom, Magnus"]
[Result "1-0"]
[WhiteElo "2144"]
[BlackElo "1908"]
[PlyCount "47"]
1. d4 Nf6 2. c4 e6 3. Nc3 Bb4 4. e3 c5 5. Bd3 Nc6 6. Nge2 d6 7. O-O Bxc3 8.
bxc3 e5 9. d5 Ne7 10. Ng3 O-O 11. Rb1 Rb8 12. e4 Ng6 13. Nf5 Re8 14. g3 b6 15.
h4 Nf8 16. Kg2 g6 17. Nh6+ Kg7 18. Bg5 Qd7 19. Rh1 Ng4 20. Qf3 f5 21. exf5 Nxh6
22. f6+ Kg8 23. Bxh6 Qf7 24. h5 1-0

[Event "Superettan(Vasteras-Vaxjo)"]
[Site "?"]
[Date "2016.10.14"]
[Round "1"]
[White "Ottosson, Bjorn"]
[Black "Orndahl, Markus"]
[Result "0-1"]
[WhiteElo "1727"]
[BlackElo "2167"]
[PlyCount "78"]
1. c4 Nf6 2. Nc3 g6 3. Nf3 Bg7 4. g3 O-O 5. Bg2 d6 6. d4 Nc6 7. O-O h6 8. Re1
e5 9. dxe5 dxe5 10. Nd5 Bf5 11. Nh4 Be6 12. e4 Nd4 13. b3 c6 14. Nxf6+ Qxf6 15.
Be3 Rfd8 16. Bxd4 Rxd4 17. Qe2 a5 18. Nf3 Rd7 19. Red1 Rxd1+ 20. Rxd1 a4 21. b4
a3 22. Qd3 Bf8 23. Qc3 Ra4 24. Rb1 Qe7 25. c5 Bxa2 26. Ra1 Qe6 27. Nd2 b5 28.
cxb6 Rxb4 29. Qc2 Rb2 30. Qd3 Rxb6 31. Qd8 Rb2 32. Bf1 Qd6 33. Qxd6 Bxd6 34.
Nc4 Bc5 35. Nxe5 Bxf2+ 36. Kh1 Bd4 37. Nxg6 Bb1 38. Nf4 Bxe4+ 39. Bg2 Rxg2 0-1

[Event "Superettan(Horndal-Kamraterna)"]
[Site "?"]
[Date "2016.10.14"]
[Round "1"]
[White "Eriksson, Magnus"]
[Black "Axelsson, Uno"]
[Result "1-0"]
[WhiteElo "2033"]
[BlackElo "2080"]
[PlyCount "91"]
1. d4 f5 2. g3 Nf6 3. Bg2 d6 4. Nc3 e5 5. dxe5 dxe5 6. Qxd8+ Kxd8 7. Bg5 Be7 8.
O-O-O+ Ke8 9. Nf3 Nbd7 10. Nb5 Bd8 11. Bxf6 gxf6 12. Nh4 a6 13. Nc3 Nb6 14. Bh3
c6 15. Bxf5 Be7 16. Ne4 Kf7 17. Bxc8 Raxc8 18. Nf5 Rc7 19. Rd3 Ke6 20. Nxe7
Kxe7 21. g4 Nd5 22. e3 h5 23. g5 f5 24. Ng3 e4 25. Nxf5+ Ke6 26. Nd4+ Ke5 27.
f4+ exf3 28. Nxf3+ Ke4 29. Nd2+ Ke5 30. Rf1 b5 31. a3 c5 32. Nf3+ Ke6 33. Nh4
Rg8 34. e4 Ne7 35. Nf3 Ng6 36. Rfd1 Rc6 37. Rd7 Rf8 38. Rg7 Ne7 39. Nh4 Rf7 40.
Rxf7 Kxf7 41. Rf1+ Ke8 42. Rf6 Rxf6 43. gxf6 Nc6 44. Nf3 Kf7 45. e5 Ke6 46. Kd2
1-0

[Event "Superettan(Vasteras-Vaxjo)"]
[Site "?"]
[Date "2016.10.14"]
[Round "1"]
[White "Backman, Andreas"]
[Black "Gonzalez, Emilio"]
[Result "1-0"]
[WhiteElo "2149"]
[BlackElo "1888"]
[PlyCount "73"]
1. d4 Nf6 2. c4 e6 3. Nc3 Bb4 4. Nf3 O-O 5. Bg5 h6 6. Bh4 d5 7. e3 Nbd7 8. cxd5
exd5 9. Bd3 c6 10. O-O Qe7 11. a3 Bxc3 12. bxc3 g5 13. Bg3 Ne4 14. c4 Nxg3 15.
hxg3 dxc4 16. Bxc4 Nb6 17. Bb3 Bf5 18. Ne5 Kg7 19. Bc2 f6 20. Nxc6 Bxc2 21.
Nxe7 Bxd1 22. Rfxd1 f5 23. d5 Rad8 24. Rac1 Rd7 25. d6 Kf6 26. Rc5 Ke6 27. f4
Rxd6 28. Re5+ Kd7 29. Rxd6+ Kxd6 30. Nxf5+ Kc6 31. Nd4+ Kd7 32. Rc5 Kd6 33. Ra5
Nd5 34. e4 Nc3 35. e5+ Ke7 36. Rxa7 Kd8 37. Ne6+ 1-0

[Event "Superettan(Orgryte-Upsala)"]
[Site "?"]
[Date "2016.10.14"]
[Round "1"]
[White "Johansson, Jan"]
[Black "Arnelind, Mikael"]
[Result "1-0"]
[WhiteElo "2363"]
[BlackElo "2204"]
[PlyCount "119"]
1. d4 Nf6 2. Nf3 e6 3. c4 b6 4. Nc3 Bb4 5. Bg5 Bb7 6. e3 h6 7. Bh4 Bxc3+ 8.
bxc3 d6 9. Bd3 g5 10. Bg3 Ne4 11. Qc2 Nxg3 12. fxg3 g4 13. Nh4 Qg5 14. O-O Nd7
15. e4 Rf8 16. a4 a5 17. Qe2 h5 18. Rf4 O-O-O 19. Raf1 f6 20. Kh1 Rde8 21. Rb1
Qh6 22. Rff1 Rg8 23. c5 dxc5 24. Ba6 Qh7 25. Rb2 c4 26. Bxb7+ Kxb7 27. Re1 f5
28. e5 Qe7 29. Qxc4 f4 30. Rf1 Ref8 31. Rbf2 fxg3 32. hxg3 c6 33. Kh2 Qe8 34.
Qd3 Rxf2 35. Rxf2 Rf8 36. Rb2 Qf7 37. c4 Qf1 38. Qh7 Qf7 39. Qe4 Kc7 40. Ng6
Qf5 41. Qxf5 Rxf5 42. Nf4 Nf8 43. Re2 Kd7 44. Kg1 Ke7 45. d5 cxd5 46. cxd5 Nd7
47. dxe6 Nxe5 48. Rc2 Kd6 49. Rd2+ Ke7 50. Rd5 h4 51. Kh2 h3 52. Rd1 hxg2 53.
Kxg2 Nc4 54. Rd7+ Ke8 55. Rg7 b5 56. axb5 a4 57. b6 Nxb6 58. Ng6 Kd8 59. e7+
Kd7 60. Rg8 1-0

[Event "Superettan(Rockaden,Sthlm II-Sthlms SS)"]
[Site "?"]
[Date "2016.10.14"]
[Round "1"]
[White "Uddenfeldt, Dan"]
[Black "Bryntze, Stefan"]
[Result "0-1"]
[WhiteElo "2388"]
[BlackElo "2141"]
[PlyCount "134"]
1. d4 e6 2. Nf3 f5 3. g3 b6 4. Bg2 Bb7 5. O-O Nf6 6. c4 Be7 7. Nc3 O-O 8. b3
Bb4 9. Bb2 Bxc3 10. Bxc3 Ne4 11. Bb2 d6 12. Ne1 Qg5 13. f4 Qg6 14. Rc1 Nd7 15.
Nf3 Ndf6 16. e3 Ng4 17. Qe1 Qh6 18. h3 Ngf6 19. Ng5 Rae8 20. Rc2 Re7 21. g4 Ba8
22. Nxe4 Nxe4 23. g5 Qg6 24. Kh2 h6 25. Rg1 hxg5 26. d5 Nf6 27. fxg5 Qxg5 28.
dxe6 Bxg2 29. Rcxg2 Ng4+ 30. Kh1 Qh6 31. Rg3 Rxe6 32. R1g2 Rf7 33. Qc3 Rfe7 34.
Bc1 Nf6 35. e4 f4 36. Rg6 Qh4 37. Bd2 Re5 38. Qf3 Rxe4 39. Kg1 Kh7 40. Bc3 Re3
41. Bxf6 gxf6 42. Qg4 Qxg4 43. R6xg4 Rxh3 44. Rxf4 Rh6 45. Rfg4 Rh3 46. Kf2 Rh5
47. R2g3 Rf7 48. Kf3 f5 49. Rg8 Rh3 50. Rxh3+ Kxg8 51. Kf4 Kg7 52. b4 Kg6 53.
Rg3+ Kf6 54. Rg5 Ke6 55. Rg6+ Kd7 56. b5 Re7 57. c5 bxc5 58. Kxf5 Re2 59. a4
Rf2+ 60. Ke4 Ra2 61. Kd5 Rd2+ 62. Kc4 Rd4+ 63. Kb3 Rb4+ 64. Ka3 Kc8 65. Rg8+
Kb7 66. Rd8 Kb6 67. Ra8 d5 0-1

[Event "Superettan(Schack 08-Burgsvik)"]
[Site "?"]
[Date "2016.10.14"]
[Round "1"]
[White "Krupenski, Juri"]
[Black "Ingbrant, Johan"]
[Result "1-0"]
[WhiteElo "2423"]
[BlackElo "2365"]
[PlyCount "63"]
[EventDate "2016.??.??"]
1. d4 d5 2. c4 c6 3. Nf3 e6 4. Nbd2 f5 5. g3 Nf6 6. Bg2 Bd6 7. Ne5 O-O 8. O-O
b6 9. Ndf3 Bb7 10. Bf4 Ne4 11. h4 Nd7 12. Qa4 Nxe5 13. Nxe5 Qe7 14. cxd5 cxd5
15. Nd3 Rfc8 16. Rfc1 Bxf4 17. Nxf4 Nd6 18. Rxc8+ Nxc8 19. Rc1 Nd6 20. Rc3 a5
21. Re3 Ne4 22. Bxe4 fxe4 23. Rb3 Qc7 24. Rc3 Qd6 25. Qc2 e5 26. dxe5 Qxe5 27.
Rc7 Ba6 28. Qc6 Rd8 29. Ne6 Bb5 30. Qxb6 Re8 31. Rxg7+ Kh8 32. Qa7 1-0

[Event "Superettan(Orgryte-Upsala)"]
[Site "?"]
[Date "2016.10.14"]
[Round "1"]
[White "Ziegler, Ari"]
[Black "Malm Lindberg, Henrik"]
[Result "1-0"]
[WhiteElo "2301"]
[BlackElo "2246"]
[PlyCount "115"]
1. d4 Nf6 2. Bf4 e6 3. e3 b6 4. Nf3 Bb7 5. h3 Be7 6. Bd3 O-O 7. Nbd2 c5 8. c3
Nc6 9. O-O Rc8 10. Qe2 d6 11. Rfe1 Rc7 12. Rad1 Qc8 13. a3 Re8 14. e4 g6 15. e5
dxe5 16. dxe5 Nh5 17. Bh2 Rd8 18. Ne4 Rcd7 19. g4 Ng7 20. Qe3 Ne8 21. Rd2 Na5
22. Bb5 Bc6 23. Rxd7 Rxd7 24. Bxc6 Qxc6 25. Nfd2 c4 26. Nd6 Bxd6 27. exd6 Nb7
28. Ne4 Qd5 29. Qh6 Nbxd6 30. Bxd6 Rxd6 31. Nxd6 Nxd6 32. Qe3 Nb7 33. Qe4 Qxe4
34. Rxe4 b5 35. Rd4 Nc5 36. Rd8+ Kg7 37. Ra8 a6 38. g5 h6 39. h4 hxg5 40. hxg5
e5 41. Ra7 Kf8 42. Kf1 Kg7 43. f3 Kf8 44. Ke2 Kg7 45. Kd2 Kf8 46. Ke3 Kg7 47.
Re7 Na4 48. Rxe5 Nxb2 49. Re7 Nd3 50. Kd4 Nf4 51. Kc5 Kf8 52. Re4 Nd3+ 53. Kb6
f5 54. gxf6 Kf7 55. Kxa6 Nc5+ 56. Kxb5 Nxe4 57. fxe4 Kxf6 58. Kxc4 1-0

[Event "Superettan(Rockaden,Sthlm II-Sthlms SS)"]
[Site "?"]
[Date "2016.10.14"]
[Round "1"]
[White "Backman, Michael"]
[Black "Thorn, Eric"]
[Result "1/2-1/2"]
[WhiteElo "2097"]
[BlackElo "2331"]
[PlyCount "111"]
1. d4 Nf6 2. c4 g6 3. Nc3 Bg7 4. e4 d6 5. f3 O-O 6. Be3 e5 7. Nge2 c6 8. Qd2
Nbd7 9. O-O-O a6 10. h4 b5 11. h5 bxc4 12. hxg6 fxg6 13. f4 Ng4 14. dxe5 dxe5
15. f5 Nxe3 16. Qxe3 Qb6 17. Qxb6 Nxb6 18. g4 Bb7 19. Ng1 Rad8 20. Rxd8 Rxd8
21. Nf3 c5 22. Ng5 Rd6 23. Ne6 Bc8 24. Nc7 Rd4 25. a4 Bb7 26. a5 Nc8 27. Ne6
Bxe4 28. Nxd4 Bxh1 29. Bxc4+ Kh8 30. Ne6 gxf5 31. gxf5 Bh6+ 32. Kc2 Nd6 33.
Bxa6 c4 34. Nc7 Bg5 35. Bb5 Bd8 36. Ne6 Bxa5 37. f6 Kg8 38. Bd7 Bxc3 39. Kxc3
Kf7 40. Ng5+ Kxf6 41. Nxh7+ Ke7 42. Bg4 Nf7 43. Bf5 Bd5 44. Bc2 Nd6 45. Kb4 Bg8
46. Ng5 Kf6 47. Nh7+ Ke7 48. Ng5 Kd7 49. b3 cxb3 50. Bxb3 Bxb3 51. Kxb3 Ke7 52.
Kc3 Kf6 53. Nf3 e4 54. Nd2 Nb5+ 55. Kc4 e3 56. Kd3 1/2-1/2

[Event "Superettan(Schack 08-Burgsvik)"]
[Site "?"]
[Date "2016.10.14"]
[Round "1"]
[White "Rosberg, Simon"]
[Black "Fries-Nielsen, Niels Jorgen"]
[Result "1/2-1/2"]
[WhiteElo "2334"]
[BlackElo "2290"]
[PlyCount "78"]
[EventDate "2016.??.??"]
1. Nf3 b5 2. d4 Nf6 3. e3 c6 4. c4 a6 5. Qb3 e6 6. c5 d6 7. cxd6 Bxd6 8. a4 Bb7
9. Nbd2 O-O 10. Bd3 Nbd7 11. O-O Qe7 12. e4 e5 13. dxe5 Bxe5 14. Nxe5 Nxe5 15.
Bb1 Rad8 16. f4 Qc5+ 17. Kh1 Neg4 18. Qf3 Ne3 19. Nb3 Qc4 20. Bxe3 Qxb3 21. Qe2
Bc8 22. Bb6 Bg4 23. Qf2 Rd1 24. Bc2 Rxf1+ 25. Rxf1 Qc4 26. b3 Qe2 27. h3 Qxf2
28. Rxf2 Bc8 29. Rd2 Re8 30. Rd6 Bb7 31. Bd4 c5 32. Bxf6 gxf6 33. Rxf6 Bxe4 34.
Bxe4 Rxe4 35. Rxa6 Rxf4 36. axb5 Rb4 37. b6 Rxb3 38. Ra5 Rxb6 39. Rxc5 Kg7
1/2-1/2

[Event "Superettan(Orgryte-Upsala)"]
[Site "?"]
[Date "2016.10.14"]
[Round "1"]
[White "Burwick, Malte"]
[Black "Eksmyr, Johan"]
[Result "1-0"]
[WhiteElo "2225"]
[BlackElo "2193"]
[PlyCount "89"]
1. Nf3 Nf6 2. g3 g6 3. Bg2 Bg7 4. O-O d5 5. d3 c6 6. Nbd2 Nbd7 7. e4 O-O 8. Qe2
dxe4 9. dxe4 Nc5 10. e5 Nd5 11. Nb3 Ne6 12. c4 Nb6 13. Rd1 Qc7 14. Bd2 Nd7 15.
Bc3 a5 16. h4 a4 17. Nbd2 Ndc5 18. h5 b6 19. Ne4 Bb7 20. Nxc5 Nxc5 21. Re1 Rad8
22. Nd4 Qc8 23. Kh2 Rfe8 24. Bh3 e6 25. Rad1 Na6 26. Bg2 Qa8 27. Nc2 c5 28.
Bxb7 Qxb7 29. Na3 Nc7 30. Rd3 Qc6 31. Red1 Rxd3 32. Qxd3 Rc8 33. Qe2 Bf8 34.
Qg4 Be7 35. Nc2 Rd8 36. Rxd8+ Bxd8 37. Qd1 Be7 38. Ne3 b5 39. Ba5 b4 40. Bxc7
Qxc7 41. Ng4 Qc6 42. Nf6+ Bxf6 43. exf6 Qc7 44. Qxa4 Qd8 45. h6 1-0

[Event "Superettan(Rockaden,Sthlm II-Sthlms SS)"]
[Site "?"]
[Date "2016.10.14"]
[Round "1"]
[White "Ertan, Can"]
[Black "Bator, Zbigniew"]
[Result "1-0"]
[WhiteElo "2359"]
[BlackElo "2328"]
[PlyCount "67"]
1. e4 c5 2. Nf3 d6 3. c3 Nf6 4. Qc2 g6 5. d4 Bg7 6. h3 O-O 7. dxc5 dxc5 8. Bf4
b6 9. Nbd2 Bb7 10. g4 Nbd7 11. Rd1 Qc8 12. Bc4 Qc6 13. O-O b5 14. Be2 Rad8 15.
Rfe1 a6 16. c4 Nb6 17. cxb5 axb5 18. Ne5 Qe6 19. Bxb5 Nh5 20. gxh5 Bxe5 21.
Bxe5 Qxe5 22. hxg6 hxg6 23. Qc3 Qh5 24. Be2 Qg5+ 25. Bg4 Na4 26. Qc2 Bc8 27.
Nf3 Qf4 28. Bxc8 Rxc8 29. Kg2 Nb6 30. Qc1 Qf6 31. e5 Qc6 32. Qh6 Nd5 33. Kh2
Nf6 34. Ng5 1-0

[Event "Superettan(Schack 08-Burgsvik)"]
[Site "?"]
[Date "2016.10.14"]
[Round "1"]
[White "Linusson, Pelle"]
[Black "Laveryd, Peter"]
[Result "1/2-1/2"]
[WhiteElo "2261"]
[BlackElo "2382"]
[PlyCount "136"]
1. c4 e5 2. g3 Nc6 3. Nc3 Nf6 4. Nf3 Bb4 5. Nd5 Bd6 6. Bg2 O-O 7. O-O Re8 8.
Nxf6+ Qxf6 9. d3 Bf8 10. Bg5 Qg6 11. Be3 d6 12. Rb1 a5 13. a3 a4 14. Ng5 Nd8
15. Ne4 f5 16. Nc3 f4 17. Bd2 Bg4 18. Nxa4 f3 19. exf3 Bf5 20. Re1 Bxd3 21. Rc1
Ne6 22. b3 c6 23. Nb2 Nd4 24. Nxd3 Qxd3 25. Rc3 Qg6 26. b4 Ne6 27. Bc1 Rad8 28.
Rd3 Qf7 29. Bb2 Qc7 30. f4 exf4 31. Qg4 Qf7 32. Re4 fxg3 33. hxg3 Nc7 34. Rf4
Re1+ 35. Kh2 Qd7 36. Qh5 g6 37. Qf3 Ne6 38. Bh3 Bg7 39. Re3 Ng5 40. Bxd7 Nxf3+
41. Rfxf3 Rxe3 42. Rxe3 Rxd7 43. Bxg7 Kxg7 44. a4 Kf6 45. Kg2 d5 46. cxd5 Rxd5
47. Re4 Rd3 48. g4 g5 49. f3 Rd2+ 50. Kg3 Rb2 51. Kh3 h6 52. Kg3 Kf7 53. a5 Ra2
54. Kh3 Rf2 55. Kg3 Ra2 56. f4 Ra3+ 57. Kf2 gxf4 58. Rxf4+ Kg6 59. Rd4 Kg5 60.
Rd7 Kxg4 61. Rg7+ Kf4 62. Rf7+ Ke4 63. Rxb7 c5 64. bxc5 Kd5 65. Rh7 Rxa5 66.
Rxh6 Rxc5 67. Rh5+ Kd4 68. Rxc5 Kxc5 1/2-1/2

[Event "Superettan(Orgryte-Upsala)"]
[Site "?"]
[Date "2016.10.14"]
[Round "1"]
[White "Kumar, Rahul"]
[Black "Thorgeirsson, Sverrir"]
[Result "1-0"]
[WhiteElo "2147"]
[BlackElo "2278"]
[PlyCount "83"]
1. e4 e6 2. d3 c5 3. Nf3 Nc6 4. g3 b6 5. Bg2 Bb7 6. Nc3 Nf6 7. e5 Nxe5 8. O-O
Nxf3+ 9. Bxf3 d5 10. Re1 Be7 11. Bf4 O-O 12. a4 Qd7 13. Qe2 d4 14. Ne4 Nd5 15.
Bd2 Rfe8 16. Bg2 e5 17. Qh5 Bf8 18. a5 f5 19. a6 Bc6 20. Ng5 g6 21. Qh3 Nf6 22.
Re2 Rad8 23. Rae1 Bd6 24. f4 exf4 25. Bxc6 Qxc6 26. Re6 Rxe6 27. Rxe6 Nh5 28.
Bxf4 Qd5 29. Bxd6 Rxd6 30. Re8+ Kg7 31. Re7+ Kg8 32. Re8+ Kg7 33. Re7+ Kf6 34.
Rxh7 Rd7 35. Ne4+ Ke5 36. Rh6 Rg7 37. Nd2 Kd6 38. Qxh5 Qe6 39. Nc4+ Kc7 40. Qf3
b5 41. Qb7+ Kd8 42. Rh8+ 1-0

[Event "Superettan(Rockaden,Sthlm II-Sthlms SS)"]
[Site "?"]
[Date "2016.10.14"]
[Round "1"]
[White "Nikolic, Vladan"]
[Black "Lokander, Martin"]
[Result "1-0"]
[WhiteElo "2056"]
[BlackElo "2317"]
[PlyCount "85"]
[EventDate "2016.??.??"]
1. d4 Nf6 2. c4 g6 3. Nc3 d5 4. Nf3 Bg7 5. Bg5 Ne4 6. cxd5 Nxg5 7. Nxg5 e6 8.
Nf3 exd5 9. b4 Qd6 10. Qb3 Nc6 11. e3 Qxb4 12. Qxb4 Nxb4 13. Kd2 c6 14. a3 Na6
15. Bxa6 bxa6 16. Rhc1 Bd7 17. Na4 Rb8 18. Ne1 Ke7 19. Nd3 Kd6 20. Rc3 Bf6 21.
Nac5 Rb6 22. Rac1 Rc8 23. Nxd7 Kxd7 24. Nb4 Be7 25. Nxd5 Rb2+ 26. Ke1 Bd8 27.
Nb4 Ba5 28. Rc4 Kd6 29. Kf1 Bxb4 30. axb4 Ra2 31. e4 f5 32. d5 fxe4 33. dxc6
Rd2 34. c7 Kd7 35. Ke1 e3 36. fxe3 Rxg2 37. Rd1+ Ke7 38. Re4+ Kf6 39. Rd6+ Kf5
40. Rc4 Rg4 41. Rc5+ Ke4 42. Rd8 Kxe3 43. Rc3+ 1-0

[Event "Superettan(Schack 08-Burgsvik)"]
[Site "?"]
[Date "2016.10.14"]
[Round "1"]
[White "Renman, Nils-Gustaf"]
[Black "Andersson, Tommy"]
[Result "1/2-1/2"]
[WhiteElo "2344"]
[BlackElo "2395"]
[PlyCount "61"]
1. d4 Nf6 2. Nf3 e6 3. c4 d5 4. Nc3 Be7 5. Bg5 O-O 6. e3 b6 7. Qc2 Bb7 8. Bxf6
Bxf6 9. cxd5 exd5 10. b4 c5 11. bxc5 bxc5 12. Rb1 cxd4 13. Rxb7 dxc3 14. Bd3 g6
15. O-O Nc6 16. Rfb1 Qd6 17. Qa4 Rac8 18. Bc2 Rfd8 19. h3 Rc7 20. R7b5 Ne5 21.
Nd4 Nc4 22. Rb8 Bxd4 23. exd4 Rxb8 24. Rxb8+ Kg7 25. Qe8 Na3 26. Rd8 Qe7 27.
Qh8+ Kh6 28. Re8 Qd6 29. Rd8 Qe7 30. Re8 Qd6 31. Rd8 1/2-1/2